| 000 | 01828cam a22004694i 4500 | ||
|---|---|---|---|
| 003 | PE-LiUPU | ||
| 005 | 20250731173015.0 | ||
| 008 | 150623s1999 gw rb 000 0 eng d | ||
| 020 | _a1573121797 | ||
| 035 | _a(Sirsi) i9781573121798 | ||
| 040 |
_aPE-LiUPU _bspa _cPE-LiUPU _erda |
||
| 049 | _aPRUA | ||
| 082 | 0 | 4 |
_a254.5 _bB25 _221 |
| 100 | 1 |
_aBatson, Howard K., _eautor. |
|
| 245 | 1 | 0 |
_aCommon-sense church growth / _cHoward K. Batson. |
| 264 | 1 |
_aMacon, Georgia : _bSmyth and Helwys Publishing, Inc., _c1999. |
|
| 300 |
_a147 páginas ; _c23 centímetros |
||
| 336 |
_atext _2rdacontent |
||
| 337 |
_aunmediated _2rdamedia |
||
| 338 |
_avolume _2rdacarrier |
||
| 504 | _aIncluye bibliografía. | ||
| 505 | 0 | _aEstablish a healthy pastoral ministry -- Build an exemplary staff -- Avoid using gimmicks -- Develop programs tat meet needs -- Devise an effective outreach program -- Recognize children and youth as decision makers -- Create a positive self-image -- Provide church planty support -- Issue a clear call to commitment -- Treat everyone as a valued person. | |
| 526 | _aSEG42 | ||
| 526 | _aSEG41 | ||
| 526 | _aSEG40 | ||
| 526 | _aSEG39 | ||
| 526 | _aP94 | ||
| 526 | _aP87 | ||
| 526 | _aP86 | ||
| 526 | _aP85 | ||
| 526 | _aP77 | ||
| 526 | _aP76 | ||
| 526 | _aP35 | ||
| 650 | 0 | 4 | _aCrecimiento de iglesia. |
| 650 | 0 | 4 | _aLiderazgo cristiano. |
| 942 |
_2ddc _cBOOK |
||
| 949 |
_a254.5 B25 _wDEWEY _c1 _i47277 _lCCODEBUL1 _mBUL _r0 _sY _tBOOK _u2015-6-24 _xTEOLOGIA _PP35 _0COMPRA _o.STAFF. Colección Teología |
||
| 994 |
_aC0 _bPEPRU |
||
| 596 | _a1 | ||
| 999 |
_a254.5 B25 _wDEWEY _c23822 _i47277 _f2021-11-10 _g5 _lCCODEBUL1 _mBUL _p13.00 _r0 _sY _tBOOK _u2015-6-24 _xTEOLOGIA _PP35 _0COMPRA _o.STAFF. Colección Teología _d23822 |
||
| 980 |
_81 _gALBERTO SANCHEZ Responsable de Automatización |
||